| 000 | 00566nam a2200205 i 4500 | ||
|---|---|---|---|
| 001 | bg | ||
| 100 | 1 | _aJakubowski, Andrzej Aleksander. | |
| 245 | 0 |
_aPrzyrządy półprzewodnikowe / _cAndrzej Jakubowski, Jerzy Michałowicz. |
|
| 250 | _aWyd.4. | ||
| 260 |
_aWarszawa, _c1971. |
||
| 650 | 9 |
_aPółprzewodniki _xurządzenia |
|
| 650 | 9 | _aUkłady elektroniczne | |
| 655 | _aPodręczniki akademickie | ||
| 700 | 1 | _aMichałowicz, Jerzy. | |
| 040 | _cBPK | ||
| 041 | _apol | ||
| 080 | _a621.382(075.8) | ||
| 942 | _cKS | ||
| 008 | s pl f |000 0 pol | ||
| 999 |
_c7535 _d7535 |
||
| 856 |
_uhttp://koha.tu.koszalin.pl/cgi-bin/koha/opac-detail.pl?biblionumber=7535 _yKatalog online BPK |
||